Регионална библиотека "Любен Каравелов" - Русе

Haikus (Запис номер 503078)

MARC детайли
000 -Лидер
Контролно поле с фиксирана дължина 00801nam a2200277 c 4500
003 - Код на организацията, давaща контролен номер
Контролно поле BLK
005 - Дата и час на последна редакция
Контролно поле 20240212083849.0
008 - Елементи от данни с фиксирана дължина
fixed length control field 180408b bul|||||r ||||||| ||bul||
020 ## - Международен стандартен номер на книга ISBN
Международен стандартен номер на книга ISBN 9791220143530
040 ## - Източник на каталожния запис
Идентификатор на билиотеката - собственик на записа BLK
041 ## - Код за език
Код за езика на текст/звукозапис или на отделно заглавие Английски
Код за езика КДБФ Английски
080 ## - УДК
Текстов определител УДК Българска литература
УДК код - определител по УДК 821.163.2
УДК - код + определител 821.163.2-1
100 ## - Редна дума - Автор
Автор Kostadinova, Radoslava Antonova
R(LIN) 490891
Пълна форма на името Костадинова, Радослава Антонова
139 ## - Редно поле
Авторски знак Кос - К 86
245 10 - Сведения за заглавието
Заглавие Haikus
Редно поле (дума) Radoslava Antonova Kostadinova
257 ## - Страна на издаване
Страна на създаване/издаване България
260 ## - Област на издателските данни
Име на издателя, разпространителя и проч. Europe Books
Година на издаване 2023
9 (RLIN) 487923
Място на издаване, разпространение и проч. London
300 ## - Физическа характеристика
Страници 45 p.
Размери/Мащаб 21 cm
380 ## - Жанр
Жанр Худож. лит.
856 4# - Електронен адрес и достъп
Електронен формат pdf - файл
856 4# - Електронен адрес и достъп
Електронен формат pdf - файл
942 ## - АРТИКУЛИ
Вид на библиотечния материал Книги
Скрит в OPAC Не
944 ## - СЪЗДАВАНЕ И РЕДАКЦИЯ на ЗАПИСА
Дата на регистрацията/редакция Нора Радева
Служител, извършил регистрацията/редакцията 30545
Статус, дата на статуса Нора Радева
999 ## - СИСТЕМНИ КОНТРОЛНИ НОМЕРА
Koha biblionumber 503078
Koha biblioitemnumber 503078
999 ## - СИСТЕМНИ КОНТРОЛНИ НОМЕРА
Koha biblioitemnumber 503078
999 ## - СИСТЕМНИ КОНТРОЛНИ НОМЕРА
Koha biblioitemnumber 74236
Наличности
Код за отписване Код за изгубен артикул Източник на класификационната схема Код за повреда Коз за рестрикции Код за отдаване Артикулен № Име на библиотеката - собственик Име на библиотеката, в която се намира в момента Статус (Текущо местоположение) Дата на вписване в системата Местоположение - отдел Цена в лева Инвентарен номер Систематично азбучна сигнатура Баркод Цена в евро Служебен тип на артикула
  Не е изгубен Universal Decimal Classification Не е повреден само за читалня ползва се в читалня 940020 Регионална библиотека "Любен Каравелов" Русе Регионална библиотека "Любен Каравелов" Русе Хранилище 2024-02-08 Основен фонд - ползва се само за читалня 13.90 120000899048 Цб 321638 120000899048 7.11 Книги
  Не е изгубен Universal Decimal Classification Не е повреден   заемане за дома 940165 Регионална библиотека "Любен Каравелов" Русе Регионална библиотека "Любен Каравелов" Русе Заемна - подръчен фонд 2024-02-12 Заемна - подръчен фонд 10.00 120000899193 821.163.2-1/К 86 Р 120000899193 5.11 Книги
Vip Innovations Ltd, Rousse, Bulgaria 2025